00552nam a2200205 a 4500001001300000003000900013005001700022008004100039020000900080082001600089100001800105245005400123260002500177300000900202500003500211505001900246650003000265650003300295700001800328nice12345678IN_TiNIC20260116013303.0050524s1997 dela grp 000 0 eng  ac4500a207.11bTHO aThompson, A F aBairagi Madonnab Leaves from a Calcutta Notebook aDelhi bISPCK c1997 a105p aincludes index and biblioraphy2 aNine Pamphlets aBishop`s College-Calcutta aTheological-Seminaries-india1 aThompson, A F